<?xml version="1.0" encoding="UTF-8"?><?xml-stylesheet type="text/xsl" href="static/style.xsl"?><OAI-PMH xmlns="http://www.openarchives.org/OAI/2.0/" xmlns:xsi="http://www.w3.org/2001/XMLSchema-instance" xsi:schemaLocation="http://www.openarchives.org/OAI/2.0/ http://www.openarchives.org/OAI/2.0/OAI-PMH.xsd"><responseDate>2026-04-27T22:05:01Z</responseDate><request verb="GetRecord" identifier="oai:uvadoc.uva.es:10324/70263" metadataPrefix="marc">https://uvadoc.uva.es/oai/request</request><GetRecord><record><header><identifier>oai:uvadoc.uva.es:10324/70263</identifier><datestamp>2024-10-01T19:03:55Z</datestamp><setSpec>com_10324_38</setSpec><setSpec>col_10324_787</setSpec></header><metadata><record xmlns="http://www.loc.gov/MARC21/slim" xmlns:doc="http://www.lyncode.com/xoai" xmlns:xsi="http://www.w3.org/2001/XMLSchema-instance" xmlns:dcterms="http://purl.org/dc/terms/" xsi:schemaLocation="http://www.loc.gov/MARC21/slim http://www.loc.gov/standards/marcxml/schema/MARC21slim.xsd">
<leader>00925njm 22002777a 4500</leader>
<datafield tag="042" ind1=" " ind2=" ">
<subfield code="a">dc</subfield>
</datafield>
<datafield tag="720" ind1=" " ind2=" ">
<subfield code="a">Mariscal Muñoz, Virginia</subfield>
<subfield code="e">author</subfield>
</datafield>
<datafield tag="260" ind1=" " ind2=" ">
<subfield code="c">2024</subfield>
</datafield>
<datafield tag="520" ind1=" " ind2=" ">
<subfield code="a">Este trabajo está dirigido a clarificar las intervenciones utilizadas para el cuidado ocular de los pacientes de la Unidad de Cuidados Intensivos (UCI).&#xd;
Se realizó una revisión bibliográfica de estudios indexados en la base de datos PUBMED. Obtuvimos 82 artículos inicialmente de los que fueron definitivos 19. Incluyendo revisiones sistemáticas, metaanálisis, ensayos clínicos y estudios prospectivos y retrospectivos. Seleccionamos los estudios por abstract y lectura completa posterior. Los cuales trataban sobre atención a la salud de la superficie ocular en pacientes adultos de UCI.&#xd;
Los protocolos encontrados fueron muy variados, sin la existencia de unas guías universales. Algunos de los métodos más comúnmente utilizados fueron: lubrificantes en diferentes formatos y composición, diferentes cámaras húmedas como la cobertura de polietileno, irrigación con suero salino fisiológico (SSF) y taping. Los factores de riesgo más influyentes fueron: el bajo nivel de consciencia, la ventilación mecánica invasiva y no invasiva (VMNI y VMI), el uso de sedantes y bloqueantes neuromusculares, así como el lagoftalmos. La cobertura de polietileno es el método más eficaz en cuanto a: efectividad, bajo coste económico, facilidad de aplicación y rapidez de uso, con el inconveniente de la dificultad para la valoración pupilar. Seguido por el lubrificante ocular en formato gel-ungüento y la combinación de ambos métodos.&#xd;
Como conclusión, es importante realizar estudios que unifiquen criterios para crear unas guías de actuación basadas en la evidencia científica. Además, abrir otras líneas de investigación acerca de: el plasma rico en factores de crecimiento (PRGF), las gafas terapéuticas con cámara de humedad y las lentes de contacto terapéuticas (LCT).</subfield>
</datafield>
<datafield tag="024" ind2=" " ind1="8">
<subfield code="a">https://uvadoc.uva.es/handle/10324/70263</subfield>
</datafield>
<datafield ind1=" " ind2=" " tag="653">
<subfield code="a">Ojo - Cuidados e higiene</subfield>
</datafield>
<datafield ind1=" " ind2=" " tag="653">
<subfield code="a">Enfermos en estado crítico</subfield>
</datafield>
<datafield tag="245" ind1="0" ind2="0">
<subfield code="a">Intervenciones de Enfermería en el cuidado de la superficie ocular de pacientes críticamente enfermos</subfield>
</datafield>
</record></metadata></record></GetRecord></OAI-PMH>